[Event "Nordic Youth-ch A 2019"]
[Site "Borgarnes"]
[Date "2019.02.17"]
[Round "6.5"]
[White "Briem, Stephan"]
[Black "Carlsson, Ludvig"]
[Result "1-0"]
[WhiteElo "1987"]
[BlackElo "2217"]
[Annotator "ChessBase"]
[PlyCount "135"]
[EventDate "2019.02.03"]
[EventType "swiss"]
[EventCountry "ISL"]
[SourceTitle "playchess.com"]
[Source "ChessBase"]
[SourceQuality "1"]
[TimeControl "5400+30"]

1. d4 {[%emt 0:00:00]} d5 {[%emt 0:00:00]} 2. c4 {[%emt 0:00:08]} c6 {[%emt 0:00:00]} 3. Nc3 {[%emt 0:00:33]} Nf6 {[%emt 0:00:00]} 4. cxd5 {[%emt 0:00:25]} cxd5 {[%emt 0:00:41]} 5. f3 {[%emt 0:00:18]} Nc6 6. e4 {[%emt 0:00:12]} dxe4 {[%emt 0:00:36]} 7. d5 {[%emt 0:00:36]} Ne5 {[%emt 0:00:29]} 8. fxe4 {[%emt 0:00:58]} e6 9. Nf3 Nxf3+ {[%emt 0:02:50]} 10. Qxf3 {[%emt 0:01:42]} exd5 {[%emt 0:01:28]} 11. e5 Nd7 {[%emt 0:11:33]} 12. Qxd5 {[%emt 0:07:50]} Bb4 {[%emt 0:14:24]} 13. Bc4 {[%emt 0:08:48]} Qe7 {[%emt 0:02:11]} 14. O-O {[%emt 0:13:06]} O-O {[%emt 0:03:47]} 15. Bg5 {[%emt 0:17:55]} Qc5+ {[%emt 0:03:06]} 16. Kh1 {[%emt 0:00:34]} Nxe5 {[%emt 0:01:14]} 17. Qxc5 {[%emt 0:06:22]} Bxc5 {[%emt 0:00:09]} 18. Be2 {[%emt 0:09:07]} Bg4 {[%emt 0:07:23]} 19. Rae1 {[%emt 0:01:17]} Rfe8 {[%emt 0:01:19]} 20. Bb5 {[%emt 0:03:27]} Bd7 {[%emt 0:04:36]} 21. Bxd7 {[%emt 0:04:44]} Nxd7 {[%emt 0:00:08]} 22. Rd1 {[%emt 0:00:52]} Ne5 {[%emt 0:01:28]} 23. Rd5 {[%emt 0:02:31]} Bb6 {[%emt 0:01:40]} 24. Na4 {[%emt 0:02:18]} f6 {[%emt 0:00:37]} 25. Bf4 {[%emt 0:03:02]} Red8 {[%emt 0:09:35]} 26. Rb5 {[%emt 0:05:34]} Nd3 {[%emt 0:00:54]} 27. Nxb6 {[%emt 0:00:29]} axb6 {[%emt 0:00:12]} 28. h3 {[%emt 0:04:05]} Rxa2 {[%emt 0:00:46]} 29. b3 {[%emt 0:01:41]} Nxf4 {[%emt 0:04:42]} 30. Rxf4 {[%emt 0:00:08]} Rdd2 {[%emt 0:00:09]} 31. Rg4 {[%emt 0:00:41]} g5 {[%emt 0:00:17]} 32. h4 {[%emt 0:02:27]} h5 {[%emt 0:00:11]} 33. Rg3 {[%emt 0:00:10]} Ra1+ {[%emt 0:08:01]} 34. Kh2 {[%emt 0:00:05]} Rdd1 {[%emt 0:00:02]} 35. Rh3 {[%emt 0:01:24]} Rh1+ {[%emt 0:03:56]} 36. Kg3 {[%emt 0:00:02]} Rxh3+ {[%emt 0:00:17]} 37. gxh3 {[%emt 0:02:07]} gxh4+ {[%emt 0:00:50]} 38. Kxh4 {[%emt 0:00:32]} Ra6 {[%emt 0:00:41]} 39. b4 {[%emt 0:00:31]} Kg7 {[%emt 0:07:17]} 40. Kxh5 {[%emt 0:00:10]} Kf7 {[%emt 0:00:04]} 41. h4 {[%emt 0:00:42]} Kg7 {[%emt 0:01:13]} 42. Kg4 {[%emt 0:00:13]} Kg6 {[%emt 0:01:40]} 43. Kf4 {[%emt 0:00:46]} Ra1 {[%emt 0:01:34]} 44. Rxb6 {[%emt 0:01:31]} Rh1 {[%emt 0:00:06]} 45. Kg4 {[%emt 0:00:48]} Rg1+ {[%emt 0:00:34]} 46. Kf4 {[%emt 0:00:26]} Rc1 {[%emt 0:03:31]} 47. Rxb7 {[%emt 0:00:15]} Rc4+ {[%emt 0:00:06]} 48. Kg3 {[%emt 0:00:43]} Kf5 {[%emt 0:01:26]} 49. Rb5+ {[%emt 0:00:32]} Ke4 {[%emt 0:00:14]} 50. h5 {[%emt 0:01:04]} f5 {[%emt 0:01:22]} 51. h6 {[%emt 0:00:54]} Rc3+ {[%emt 0:01:15]} 52. Kf2 {[%emt 0:00:31]} Rc2+ {[%emt 0:01:17]} 53. Ke1 {[%emt 0:00:27]} Rh2 {[%emt 0:00:49]} 54. Rb6 {[%emt 0:00:16]} Kf3 {[%emt 0:00:06]} 55. Rg6 {[%emt 0:00:37]} f4 {[%emt 0:03:11]} 56. b5 {[%emt 0:00:05]} Re2+ {[%emt 0:00:02]} 57. Kd1 {[%emt 0:00:33]} Re8 {[%emt 0:00:04]} 58. h7 {[%emt 0:00:27]} Rh8 {[%emt 0:00:03]} 59. Rg7 {[%emt 0:00:11]} Kf2 {[%emt 0:00:39]} 60. b6 {[%emt 0:00:12]} f3 {[%emt 0:00:27]} 61. b7 {[%emt 0:00:10]} Kf1 {[%emt 0:00:53]} 62. Rg8 {[%emt 0:00:53]} Rxg8 {[%emt 0:00:49]} 63. hxg8=Q {[%emt 0:00:09]} f2 {[%emt 0:00:03]} 64. Qf7 {[%emt 0:00:19]} Kg1 {[%emt 0:00:10]} 65. b8=Q {[%emt 0:00:12]} Kh1 {[%emt 0:00:09]} 66. Qh5+ {[%emt 0:00:24]} Kg2 {[%emt 0:00:13]} 67. Qbh2+ {[%emt 0:00:06]} Kf1 {[%emt 0:00:17]} 68. Q5h3# {[%emt 0:00:05]} 1-0

[Event "Nordic Youth-ch A 2019"]
[Site "Borgarnes"]
[Date "2019.02.17"]
[Round "6.6"]
[White "Fjallheim, Leif Reinert"]
[Black "Stefansson, Vignir Vatnar"]
[Result "0-1"]
[WhiteElo "1712"]
[BlackElo "2263"]
[Annotator "TA"]
[PlyCount "88"]
[EventDate "2019.02.03"]
[EventType "swiss"]
[EventCountry "ISL"]
[SourceTitle "playchess.com"]
[Source "ChessBase"]
[SourceQuality "1"]

{[%evp 9,88,19,26,21,36,10,7,0,0,0,0,0,29,26,37,27,37,10,53,-27,-27,-27,-26,-32,-33,-70,-81,-194,-189,-176,-178,-195,-183,-181,-169,-421,-328,-566,-590,-582,-582,-552,-571,-564,-548,-532,-539,-607,-597,-562,-535,-441,-333,-339,-349,-357,-346,-327,-244,-242,-243,-237,-232,-231,-234,-275,-275,-265,-274,-272,-246,-312,-297,-285,-282,-290,-285,-775,-795,-750,-715]} 1. e4 g6 2. d4 Bg7 3. Nc3 c6 4. Be3 d5 5. exd5 cxd5 6. Qd2 {B15: Caro-Kann: 3 Nc3: 3...g6 and 3...dxe4 4 Nxe4 Nf6 5 Nxf6+ exf6} h5 (6... Nc6 7. Nf3 Bg4 8. Be2 e6 9. O-O Nge7 10. Nh4 h5 11. f3 Nf5 12. Nxf5 Bxf5 13. Bb5 Rc8 {0-1 (59) Dardha,A (2279)-Larino Nieto,D (2445) Roquetas de Mar 2019}) 7. Bd3 $146 ({Predecessor:} 7. O-O-O Nc6 8. Nge2 Nh6 9. f3 Nf5 10. Bf2 Bh6 11. f4 e6 12. Ng3 Nd6 13. Re1 h4 {0-1 (40) Cvitanic,J (1835)-Wilczek,R (2075) Finkenstein 1995}) 7... Nc6 8. Nce2 {The position is equal.} Nh6 9. c3 Nf5 10. Bf4 Nh4 11. Bg5 Nf5 12. Ng3 Nd6 13. h4 Bg4 14. Nf3 (14. f3 $14 Bd7 15. N1e2) 14... Bxf3 $11 15. gxf3 Qd7 16. Qe2 e6 17. Nf1 O-O 18. O-O-O {[#]} (18. Ne3 $17) 18... b5 $1 $19 {[%mdl 512]} 19. Bxb5 Nxb5 20. Qxb5 Rab8 21. Qe2 Rfc8 {[%mdl 1024] Hoping for ...Nxd4. Black has strong compensation.} 22. Be3 $2 (22. Kb1) 22... Na5 {[%cal Bc6a5,Ba5c4,Bc4a3,Ba3b5,Bb5c3][%mdl 32] Threatens to win with ...Qa4.} 23. Qc2 $2 (23. Rd3 e5 24. Ng3) 23... Nc4 24. b3 Na3 25. Qb2 Nb5 26. Rd3 {[#]} Nxc3 $1 {[%mdl 512]} 27. Kd2 {[#]} (27. Rxc3 Rxc3+) 27... Na4 $1 {[%mdl 512]} 28. Qa3 (28. bxa4 Rxb2+) 28... Qc6 {aiming for ...Qc2+.} 29. Ke1 Nc3 30. Qb2 Nb5 31. Ng3 Qa6 32. Qe2 Na3 {And now ...Rc2 would win.} 33. Kf1 Rc2 34. Rd2 Qxe2+ 35. Kxe2 Rbc8 36. Rhd1 Bf6 37. Rxc2 Rxc2+ ({But not} 37... Nxc2 38. Rc1 $19) 38. Rd2 Bxh4 39. Kd3 Rc8 40. Bf4 Be7 41. Ne2 g5 42. Be3 h4 43. Ng1 $2 (43. Rd1) 43... Rc1 44. Nh3 f6 {Accuracy: White = 44%, Black = 89%.} 0-1

[Event "Nordic Youth-ch A 2019"]
[Site "Borgarnes"]
[Date "2019.02.17"]
[Round "6.7"]
[White "Sorensen, Hampus"]
[Black "Sjoberg, Isak"]
[Result "1-0"]
[WhiteElo "2289"]
[BlackElo "2250"]
[Annotator "TA"]
[PlyCount "134"]
[EventDate "2019.02.03"]
[EventType "swiss"]
[EventCountry "ISL"]
[SourceTitle "playchess.com"]
[Source "ChessBase"]
[SourceQuality "1"]

{[%evp 30,134,0,0,0,0,0,0,0,0,0,0,0,0,21,-27,0,0,0,0,0,0,8,5,10,8,8,0,6,0,0,0,8,4,4,4,8,0,8,13,10,7,11,14,85,92,92,92,101,66,101,68,101,97,95,66,97,68,77,0,73,79,97,97,97,97,97,82,152,70,74,89,164,162,183,192,172,114,147,158,121,135,377,371,371,371,508,488,1120,363,1114,314,5093,4614,29973,29974,29979,29980,29980,29981,29981,29982,29984,29981,29982,29983,29990]} 1. d4 Nf6 2. c4 c5 3. d5 e6 4. Nc3 exd5 5. cxd5 d6 6. e4 g6 7. Bd3 Bg7 8. h3 O-O 9. Nf3 b5 10. Nxb5 Re8 11. O-O Nxe4 12. Re1 a6 13. Nc3 {A70: Modern Benoni: 6 e4 g6 7 Nf3} (13. Na3 Nf6 14. Rxe8+ Nxe8 15. Nc4 Nd7 16. Bf4 Ndf6 17. Ne3 Nh5 18. Bg5 Bf6 19. h4 Rb8 20. b3 Bxg5 21. hxg5 f6 22. gxf6 Qxf6 23. Rc1 Nc7 24. Rc4 Nf4 25. Qd2 Bd7 26. Ng4 Bxg4 27. Rxf4 Qa1+ 28. Bf1 Bxf3 29. Rxf3 Re8 30. Qf4 {1-0 (30) Mamedyarov,S (2809)-Svidler,P (2760) Moscow 2018}) 13... Nxc3 14. bxc3 Bxc3 15. Rxe8+ Qxe8 16. Rb1 {LiveBook: 19 Games} Bg7 17. Bf4 Qd8 18. Qa4 Bd7 19. Qa3 Be8 20. Nd2 Nd7 21. Bxd6 Nf6 $146 ({Predecessor:} 21... Nb6 22. Ne4 Nxd5 23. Rc1 Nc7 24. Bc4 Nb5 25. Qxc5 Nxd6 26. Qxd6 Qxd6 {½-½ (26) Garau,B (2360)-Llorente Alvarez,J (2171) ICCF email 2016}) 22. Bxc5 Qxd5 23. Be3 Bc6 {[%csl Gc6][%cal Rd5g2]} 24. Bf1 Qe6 25. Nb3 Ne4 26. Nc5 Qd5 27. Nxe4 Qxe4 28. Rc1 Bb5 29. Bxb5 (29. Rd1 {is interesting.} Qe8 30. Rb1 Bf8 31. Qb3 Bxf1 32. Rxf1 a5 33. Rd1) 29... axb5 30. Qb3 Qa4 31. Rc5 Qxb3 32. axb3 $11 {[%mdl 4096] Endgame KRB-KRB} b4 33. Rb5 Bc3 34. Bc5 Ra1+ 35. Kh2 Ra2 36. Kg3 Kg7 (36... Be1 $11 {keeps the balance.}) 37. Bxb4 $16 Bxb4 38. Rxb4 {KR-KR} h5 39. Kf3 Kf6 40. Rb6+ Ke5 41. Rb8 Rb2 42. g3 Rc2 43. Re8+ Kf5 44. Rb8 (44. h4 $16) 44... Rc3+ (44... Ke5 $1 $11 {remains equal.}) 45. Kg2 Ke5 46. b4 Rb3 47. b5 Kd6 48. b6 Ke7 {[#]} (48... h4 $142) 49. Kf1 (49. h4 $1 $16) 49... h4 $14 50. Kg2 hxg3 (50... Kf6 $16 {keeps fighting.} 51. gxh4 Ke7) 51. fxg3 $18 Rb2+ 52. Kf3 Rb3+ 53. Kf2 (53. Kf4 $18) 53... Rb2+ {[#]} 54. Ke3 $1 Rb3+ 55. Kf4 Kf6 $2 (55... Rb4+ $16 {is a better defense.} 56. Ke5 Rb5+ 57. Kd4 Kd6) 56. h4 Rb4+ 57. Ke3 Rb3+ 58. Kd4 Rxg3 (58... g5 $142 59. h5 Kg7) 59. Kc5 $2 (59. Ra8 Rb3 60. Kc5) 59... Rb3 $2 (59... Rc3+ 60. Kb4 Rc2) 60. Kc6 $2 (60. Ra8 Ke7 61. Kc6 Rc3+ 62. Kb5 Rb3+ 63. Ka6) 60... Kf5 $2 (60... Rc3+ 61. Kb7 Rh3) 61. Rf8 Kg4 62. b7 {White mates.} f5 63. b8=Q Rxb8 64. Rxb8 Kxh4 65. Kd5 g5 66. Rf8 f4 67. Ke4 Kh3 {Precision: White = 56%, Black = 31%.} 1-0

[Event "Nordic Youth-ch A 2019"]
[Site "Borgarnes"]
[Date "2019.02.17"]
[Round "6.9"]
[White "Wartiovaara, Oliver"]
[Black "Liu, Casper"]
[Result "0-1"]
[WhiteElo "2021"]
[BlackElo "2126"]
[Annotator "NA"]
[PlyCount "114"]
[EventDate "2019.02.03"]
[EventType "swiss"]
[EventCountry "ISL"]
[SourceTitle "playchess.com"]
[Source "ChessBase"]
[SourceQuality "1"]
[TimeControl "5400+30"]

1. e4 {[%emt 0:00:00]} Nc6 {[%emt 0:00:00]} 2. Nf3 {[%emt 0:00:00]} d6 {[%emt 0:00:00]} 3. d4 {[%emt 0:05:26]} g6 {[%emt 0:00:00]} 4. c3 {[%emt 0:00:30]} Bg7 {[%emt 0:00:28]} 5. Bd3 Nf6 {[%emt 0:00:09]} 6. O-O {[%emt 0:07:25]} O-O 7. h3 {[%emt 0:07:24]} e5 {[%emt 0:00:45]} 8. Re1 {[%emt 0:00:22]} Nd7 {[%emt 0:01:33]} 9. dxe5 $146 {[%emt 0:01:14] B07: Pirc Defence: Miscellaneous Systems} ({Predecessor:} 9. Bf1 h6 10. Na3 Re8 11. Nc2 a6 12. a4 Nf6 13. Bd3 a5 14. Na3 exd4 15. cxd4 Nb4 16. Bb1 c6 17. Nc2 Na6 18. Na3 Nb4 19. Nc2 Na6 20. Na3 {½-½ (20) Borisek,J (2538)-Spraggett,K (2575) Burguillos 2010}) 9... Ncxe5 {[%emt 0:01:59]} 10. Nxe5 {[%emt 0:00:57]} Nxe5 {[%emt 0:00:07]} 11. Bc2 {[%emt 0:02:18]} Re8 {[%emt 0:01:59]} 12. Nd2 {[%emt 0:01:52]} Qh4 {[%emt 0:05:03]} 13. Nf3 {[%emt 0:04:29]} Nxf3+ {[%emt 0:00:14]} 14. Qxf3 {[%emt 0:00:06]} Bd7 {[%emt 0:00:36]} 15. Be3 {[%emt 0:02:30]} Bc6 {[%emt 0:00:48]} 16. Qf4 {[%emt 0:03:32]} Qxf4 {[%emt 0:04:28]} 17. Bxf4 {[%emt 0:00:36]} Re7 {[%emt 0:00:31]} 18. f3 {[%emt 0:02:30]} a5 {[%emt 0:02:00]} 19. a4 {[%emt 0:03:26]} Rae8 {[%emt 0:01:17]} 20. Kf2 {[%emt 0:01:00]} Kf8 {[%emt 0:02:47]} 21. Bg5 {[%emt 0:05:58]} Rd7 {[%emt 0:02:14]} 22. Bb3 {[%emt 0:01:17]} h6 {[%emt 0:00:32]} 23. Be3 {[%emt 0:01:50]} g5 {[%emt 0:02:18]} 24. Bd4 {[%emt 0:01:23]} h5 {[%emt 0:01:15]} 25. g4 {[%emt 0:03:07]} h4 {[%emt 0:01:08]} 26. Be3 {[%emt 0:01:41]} Be5 {[%emt 0:01:16]} 27. Red1 {[%emt 0:04:01]} Bg3+ {[%emt 0:02:04]} 28. Kf1 {[%emt 0:00:10]} f6 {[%emt 0:02:11]} 29. Bf2 {[%emt 0:03:05]} Be5 {[%emt 0:08:05]} 30. Bd5 {[%emt 0:03:15]} Bxd5 {[%emt 0:06:29]} 31. Rxd5 {[%emt 0:00:44]} Ra8 {[%emt 0:03:30]} 32. Rad1 {[%emt 0:01:03]} c6 {[%emt 0:03:54]} 33. R5d3 {[%emt 0:00:20]} b5 {[%emt 0:04:08]} 34. axb5 {[%emt 0:04:24]} cxb5 {[%emt 0:00:01]} 35. Bd4 {[%emt 0:00:08]} Ke7 {[%emt 0:11:22]} 36. Bxe5 {[%emt 0:00:48]} fxe5 {[%emt 0:00:01]} 37. Rd5 {[%emt 0:00:18]} Rb8 {[%emt 0:00:06]} 38. Ke2 {[%emt 0:00:28]} Rb6 {[%emt 0:00:56]} 39. Ra1 {[%emt 0:02:03]} Ra7 {[%emt 0:02:42]} 40. b4 {[%emt 0:03:59]} a4 {[%emt 0:13:22]} 41. Kd2 {[%emt 0:00:21]} Ke6 {[%emt 0:00:38]} 42. Kc2 {[%emt 0:00:14]} Rf7 {[%emt 0:00:41]} 43. Rd3 {[%emt 0:00:07]} Rb8 {[%emt 0:00:27]} 44. Kb2 {[%emt 0:00:43]} Rbf8 {[%emt 0:01:14]} 45. Rf1 {[%emt 0:02:10]} Kd7 {[%emt 0:01:13]} 46. Rf2 {[%emt 0:06:51]} Rf4 $17 {[%emt 0:00:25]} 47. Rf1 {[%emt 0:01:44]} Rxe4 {[%emt 0:00:22]} 48. Rfd1 {[%emt 0:00:35]} Re2+ {[%emt 0:00:05]} 49. Ka3 {[%emt 0:00:37]} Rf6 {[%emt 0:00:10]} 50. Rd5 {[%emt 0:01:02]} Kc6 {[%emt 0:00:14]} 51. R1d3 {[%emt 0:02:14]} Rf2 {[%emt 0:00:16]} 52. c4 {[%emt 0:01:31]} bxc4 {[%emt 0:00:41]} 53. b5+ {[%emt 0:00:10]} Kd7 {[%emt 0:00:31]} 54. Rc3 {[%emt 0:00:48]} R2xf3 {[%emt 0:00:10]} 55. Rxf3 {[%emt 0:00:06]} Rxf3+ {[%emt 0:00:03]} 56. Kxa4 {[%emt 0:00:04]} Rxh3 {[%emt 0:00:13]} 57. b6 {[%emt 0:01:25]} Rb3 {[%emt 0:00:12]} 0-1

[Event "Nordic Youth-ch A 2019"]
[Site "Borgarnes"]
[Date "2019.02.17"]
[Round "6.10"]
[White "Fuglestein, Sander"]
[Black "Vitenberg, Noam Aviv"]
[Result "0-1"]
[WhiteElo "2024"]
[BlackElo "2180"]
[Annotator "NA"]
[PlyCount "62"]
[EventDate "2019.02.03"]
[EventType "swiss"]
[EventCountry "ISL"]
[SourceTitle "playchess.com"]
[Source "ChessBase"]
[SourceQuality "1"]
[TimeControl "5400+30"]

1. d4 d5 2. c4 e6 3. Nf3 Nf6 4. g3 dxc4 5. Bg2 a6 6. a4 Nc6 7. O-O Rb8 8. e3 {E04: Open Catalan: 5 Nf3} b5 (8... Be7 9. Nfd2 e5 10. Bxc6+ bxc6 11. dxe5 Ng4 12. Nxc4 Qd5 13. Qd4 Bc5 14. Qc3 Bb4 15. Qd4 Bc5 16. Qc3 Bb4 17. Qd4 Bc5 {½-½ (17) Arvola,B (2493)-Nikolaidis,I (2544) Batumi 2018}) 9. Qe2 Bb7 10. Rd1 Bb4 $146 ({Predecessor:} 10... Nb4 11. axb5 axb5 12. Nc3 Be7 13. Ne5 Bxg2 14. Kxg2 O-O 15. Qf3 Qc8 {0-1 (61) Scheiblmaier,R (2208)-Rusche,J (2221) Austria 2014}) 11. Nc3 Bxc3 12. bxc3 Ne7 13. Ne5 Bxg2 14. Kxg2 Nfd5 15. Bb2 O-O 16. e4 Nb6 17. axb5 axb5 18. Ba3 Ra8 19. Rdb1 f6 20. Nf3 c6 21. Qe3 Re8 22. h4 Qc7 23. h5 Ra4 (23... h6 $17) 24. Bc5 Rea8 25. Rxa4 Nxa4 26. Bb4 h6 27. Nh2 c5 ({Black should try} 27... e5 $17 28. Ng4 Rd8) 28. Bxc5 Nxc5 29. dxc5 Qc6 30. Rd1 Rc8 31. Rd6 Nf5 $19 {Double Attack} 0-1

[Event "Nordic Youth-ch A 2019"]
[Site "Borgarnes"]
[Date "2019.02.17"]
[Round "6.11"]
[White "Mitra, Akash"]
[Black "Aalto, Patrik"]
[Result "1/2-1/2"]
[WhiteElo "1916"]
[BlackElo "1985"]
[Annotator "NA"]
[PlyCount "115"]
[EventDate "2019.02.03"]
[EventType "swiss"]
[EventCountry "ISL"]
[SourceTitle "playchess.com"]
[Source "ChessBase"]
[SourceQuality "1"]
[TimeControl "5400+30"]

1. e4 {[%emt 0:00:00]} c5 {[%emt 0:00:00]} 2. Nc3 {[%emt 0:00:00]} Nc6 {[%emt 0:00:08]} 3. f4 {[%emt 0:00:17]} g6 {[%emt 0:00:30]} 4. Nf3 {[%emt 0:01:06]} Bg7 {[%emt 0:00:03]} 5. Bb5 {[%emt 0:00:28]} Nd4 {[%emt 0:16:36]} 6. O-O {[%emt 0:01:03]} Nxb5 {[%emt 0:00:30]} 7. Nxb5 {[%emt 0:01:31]} d6 {[%emt 0:03:32]} 8. d3 {[%emt 0:00:30]} a6 {[%emt 0:02:08]} 9. Nc3 {[%emt 0:00:35]} e6 {[%emt 0:01:56]} 10. Qe1 {[%emt 0:03:00]} Ne7 {[%emt 0:01:13]} 11. Be3 {[%emt 0:00:28]} O-O {[%emt 0:04:50]} 12. Qh4 {[%emt 0:08:54]} Nc6 {[%emt 0:18:40]} 13. Qf2 {[%emt 0:11:09]} b6 {[%emt 0:07:22] B23: Closed Sicilian: Lines without g3} 14. Rad1 $146 {[%emt 0:01:16]} ({Predecessor:} 14. Rae1) 14... d5 {[%emt 0:04:18]} 15. d4 {[%emt 0:02:00]} c4 $1 {[%emt 0:00:35]} 16. e5 {[%emt 0:00:23]} b5 {[%emt 0:01:55]} 17. g4 {[%emt 0:01:52]} f5 {[%emt 0:02:55]} 18. gxf5 {[%emt 0:01:21]} Rxf5 {[%emt 0:01:28]} 19. Kh1 {[%emt 0:06:07]} Ne7 {[%emt 0:02:18]} 20. Rg1 {[%emt 0:02:24]} Rf8 {[%emt 0:04:41]} 21. Rg4 {[%emt 0:04:23]} Nf5 {[%emt 0:02:48]} 22. Rdg1 {[%emt 0:04:56]} Bd7 {[%emt 0:03:25]} 23. Nh4 {[%emt 0:06:52]} Ne7 {[%emt 0:03:29]} (23... b4 $17 24. Ne2 Nxh4 25. Rxh4 Ba4) 24. Nf3 {[%emt 0:02:56]} Nf5 {[%emt 0:05:17]} 25. Nh4 {[%emt 0:05:46]} Ne7 {[%emt 0:00:16]} 26. Nd1 {[%emt 0:01:10]} Qe8 {[%emt 0:01:03]} 27. Bd2 {[%emt 0:04:03]} a5 $1 {[%emt 0:00:46]} 28. Ne3 {[%emt 0:00:50]} Bh6 {[%emt 0:02:25]} 29. Nhg2 {[%emt 0:04:59]} Qf7 {[%emt 0:01:45]} 30. Qh4 {[%emt 0:04:15]} Bg7 {[%emt 0:00:55]} 31. Ne1 {[%emt 0:04:15]} Nf5 $11 {[%emt 0:04:09]} 32. Nxf5 {[%emt 0:01:02]} Qxf5 {[%emt 0:00:13]} ({Of course not} 32... exf5 $6 33. Nf3 $14) 33. Qf2 {[%emt 0:01:17]} (33. Nf3 $11 {remains equal.}) 33... Qe4+ {[%emt 0:00:42]} 34. R1g2 {[%emt 0:00:44]} Rf5 {[%emt 0:00:59]} 35. Qe3 {[%emt 0:01:35]} Qxe3 {[%emt 0:00:23]} 36. Bxe3 {[%emt 0:00:02]} Raf8 {[%emt 0:01:04]} 37. R2g3 {[%emt 0:06:37]} Kf7 {[%emt 0:01:33]} 38. Nf3 {[%emt 0:00:39]} Ke8 {[%emt 0:00:58]} 39. Rh3 {[%emt 0:01:36]} Rh8 {[%emt 0:00:27]} 40. Ng5 {[%emt 0:02:34]} h5 {[%emt 0:00:27]} 41. Rg1 {[%emt 0:00:54]} Bh6 {[%emt 0:00:40]} 42. Rhg3 {[%emt 0:00:46]} Bxg5 {[%emt 0:00:28]} 43. Rxg5 {[%emt 0:00:51]} Rxg5 {[%emt 0:00:55]} 44. Rxg5 {[%emt 0:00:11]} Kf7 {[%emt 0:00:04]} 45. Rg3 {[%emt 0:01:18]} b4 {[%emt 0:00:23]} 46. Bd2 {[%emt 0:00:22]} Rb8 {[%emt 0:00:23]} 47. Kg1 {[%emt 0:01:34]} Ba4 {[%emt 0:00:39]} 48. c3 {[%emt 0:00:57]} b3 {[%emt 0:01:02]} 49. a3 {[%emt 0:00:14]} Bd7 {[%emt 0:00:22]} 50. Rf3 {[%emt 0:00:38]} Rg8 {[%emt 0:00:19]} 51. Be1 {[%emt 0:00:18]} Kg7 {[%emt 0:00:37]} 52. Bh4 {[%emt 0:00:10]} a4 {[%emt 0:00:41]} 53. Bf6+ {[%emt 0:00:24]} Kh7 {[%emt 0:00:13]} 54. Kg2 {[%emt 0:00:22]} Rf8 {[%emt 0:00:30]} 55. Kg3 {[%emt 0:00:12]} Re8 {[%emt 0:00:33]} 56. Kh4 {[%emt 0:00:18]} Bc8 {[%emt 0:00:25]} 57. Kg5 {[%emt 0:00:35]} Bd7 {[%emt 0:00:20]} 58. Re3 {[%emt 0:01:16]} 1/2-1/2

[Event "Nordic Youth-ch A 2019"]
[Site "Borgarnes"]
[Date "2019.02.17"]
[Round "6.12"]
[White "Davidsson, Oskar Vikingur"]
[Black "Ehrenreich, Simon"]
[Result "0-1"]
[WhiteElo "1941"]
[BlackElo "1756"]
[Annotator "NA"]
[PlyCount "74"]
[EventDate "2019.02.03"]
[EventType "swiss"]
[EventCountry "ISL"]
[SourceTitle "playchess.com"]
[Source "ChessBase"]
[SourceQuality "1"]
[TimeControl "5400+30"]

1. e4 g6 2. d4 Bg7 3. Nc3 d6 4. Be2 a6 5. a4 {B06: Modern Defence} (5. h4 h5 6. Nf3 b5 7. Ng5 Bb7 8. f3 Nd7 9. a4 b4 10. Nd5 Bxd5 11. exd5 Ngf6 12. c4 bxc3 13. bxc3 Nxd5 {0-1 (31) Yeritsyan,A (2372)-Seliverstov,V (2462) St Petersburg 2018}) 5... Nd7 6. Be3 b6 7. Nf3 c5 8. O-O {[%emt 0:06:20]} Bb7 {[%emt 0:05:41]} 9. Re1 {[%emt 0:01:04]} Rc8 $146 ({Predecessor:} 9... Ngf6 10. e5 Ng4 11. exd6 Nxe3 12. dxe7 Qxe7 13. fxe3 Qxe3+ 14. Kh1 {1-0 (46) Ljubarskij,J (2283)-Rychlik,K (2069) Sooden Allendorf 2015}) 10. Qd2 Qc7 {[%emt 0:11:16]} 11. Bf1 {[%emt 0:06:31]} Ngf6 {[%emt 0:02:05]} 12. e5 {[%emt 0:06:43]} dxe5 {[%emt 0:02:35]} 13. dxe5 {[%emt 0:00:10]} Nxe5 {[%emt 0:05:22]} 14. Nxe5 {[%emt 0:00:38]} Qxe5 {[%emt 0:00:08]} 15. Bh6 {[%emt 0:00:26]} Bxh6 {[%emt 0:01:04]} 16. Qxh6 {[%emt 0:00:53]} Qd6 {[%emt 0:08:04]} 17. Rad1 {[%emt 0:02:05]} Qc6 {[%emt 0:01:31]} 18. f3 {[%emt 0:01:13]} Rg8 {[%emt 0:22:59]} 19. Bc4 {[%emt 0:03:04]} g5 {[%emt 0:09:52]} 20. Nd5 {[%emt 0:04:10]} ({Better is} 20. Bb5 $16 axb5 21. axb5) 20... Nxd5 {[%emt 0:00:59]} 21. Qxh7 {[%emt 0:00:07]} Qg6 {[%emt 0:03:52]} 22. Qxg6 {[%emt 0:00:09]} Rxg6 {[%emt 0:00:07]} 23. Bxd5 {[%emt 0:00:05]} Bxd5 {[%emt 0:01:23]} 24. Rxd5 {[%emt 0:00:02]} Rd8 {[%emt 0:00:42]} 25. Rde5 {[%emt 0:00:08]} e6 {[%emt 0:00:39]} 26. a5 {[%emt 0:00:18]} Rb8 {[%emt 0:12:21]} 27. b3 {[%emt 0:00:53]} Kd7 {[%emt 0:03:01]} 28. axb6 {[%emt 0:00:21]} Kc6 {[%emt 0:00:09]} 29. Ra1 {[%emt 0:00:58]} Rxb6 {[%emt 0:00:21]} 30. Ra5 {[%emt 0:01:08]} Rb5 {[%emt 0:05:50]} 31. Rxa6+ {[%emt 0:00:16]} Kb7 {[%emt 0:01:49]} 32. Ra3 {[%emt 0:00:32]} Kc6 {[%emt 0:00:22]} 33. Kf2 {[%emt 0:00:50]} Kd6 {[%emt 0:00:47]} 34. Re2 {[%emt 0:00:10]} Kc6 {[%emt 0:01:15]} 35. Ke3 {[%emt 0:00:39]} Kb6 {[%emt 0:00:47]} 36. Kd3 {[%emt 0:00:36]} Rg8 {[%emt 0:00:27]} 37. Re5 $19 {[%emt 0:01:47]} (37. c3 $18) 37... c4+ {[%emt 0:00:58]} 0-1